| 000 | 01022cam a2200313 a 4500 | ||
|---|---|---|---|
| 001 | 15791754 | ||
| 003 | OSt | ||
| 005 | 20140310182901.0 | ||
| 008 | 090625s2010 nyua b 001 0 eng | ||
| 010 | _a 2009026612 | ||
| 020 | _a9780071083263 | ||
| 035 | _a(OCoLC)ocn286444448 | ||
| 040 |
_aDLC _cDLC _dBTCTA _dC#P _dYDXCP _dDLC |
||
| 050 | 0 | 0 |
_aHD 30.28 _b.D4743 2010 |
| 100 | 1 | _aPeter, J. Paul | |
| 245 | 1 | 0 |
_aStrategic management : _bcreating competitive advantages / _cJ. Paul Peter. |
| 250 | _a5th ed. | ||
| 260 |
_aNew York : _bMcGraw-Hill Irwin, _c2010. |
||
| 300 |
_a502 p. : _bcol. ill. ; _c26 cm. |
||
| 521 | _aBSBA | ||
| 650 | 0 | _aStrategic planning. | |
| 700 | 1 | _aLumpkin, G. T. | |
| 700 | 1 | _aEisner, Alan B. | |
| 906 |
_a7 _bcbc _corignew _d1 _eecip _f20 _gy-gencatlg |
||
| 942 |
_2lcc _cBK _kFOR |
||
| 999 |
_c17096 _d17096 |
||